00243nam a2200109Ia 4500008004100000041001200041082001100053100001400064245004300078260000600121650000600127221030s9999 xx 000 0 und d aEnglish a105.23 aP. C. Sen 0aModern Power Electronicscby P. C. Sen c0 aB